|
|
|
|
| LEADER |
00565cam a2200169 7i4500 |
| 001 |
0000004970 |
| 005 |
19991025090000.0 |
| 002 |
##000006537 |
| 020 |
0 |
0 |
|a T000005235
|
| 090 |
0 |
0 |
|a PAPN 338.7
|b DEP
|
| 110 |
1 |
0 |
|a Department of Foreign Affairs and Trade
|
| 245 |
0 |
0 |
|a Papua New Guinea :
|b guide for exporters and importers.
|
| 260 |
0 |
0 |
|a Port Moresby:
|b Department of Foreign Affairs and Trade,
|c 1995.
|
| 300 |
0 |
0 |
|a 63 p..
|
| 650 |
0 |
0 |
|a Business opportunities --
|z Papua New Guinea
|
| 651 |
0 |
0 |
|a Papua New Guinea
|
| 999 |
|
|
|a 0000006804
|b Book
|c Open shelf
|e Business Information Centre
|